Calendario Ambiental Regional del Cusco / (Record no. 23196)

000 -CABECERA
fixed length control field 00796nam a22002297i 4500
003 - IDENTIFICADOR DEL NÚMERO DE CONTROL
control field AR-CdUCM
008 - DATOS DE LONGITUD FIJA--INFORMACIÓN GENERAL
fixed length control field 250124b20222022 pe||||| |||| 00| 0 spa d
020 ## - NÚMERO INTERNACIONAL ESTÁNDAR DEL LIBRO
ISBN 978-612-48143-6-5
040 ## - FUENTE DE LA CATALOGACIÓN
Agencia/entidad que catalogó originalmente la obra MUNICIPALIDAD PROVINCIAL DEL CUSCO
Entidad que transcribió la catalogación BIBLIOTECA MUNICIPAL DEL CUSCO
082 ## - NÚMERO DE LA CLASIFICACIÓN DECIMAL DEWEY
No. de Clasificación 370 / C76
Notacion interna C76
100 ## - ENTRADA PRINCIPAL--NOMBRE DE PERSONA
Nombre Personal Condori Terán, Amanda
245 ## - MENCIÓN DE TÍTULO
Título Calendario Ambiental Regional del Cusco /
260 ## - PUBLICACIÓN, DISTRIBUCIÓN, ETC.
Lugar de publicación, distribución, etc. Sicuani-Cusco
Nombre de la editorial, distribuidor, etc. Inkari Editores
Fecha de publicación, distribución, etc. 2022
300 ## - DESCRIPCIÓN FÍSICA
Nº de Páginas Extensión 140 páginas. :
Dimensiones 25x17 cm.
500 ## - NOTA GENERAL
Bibliografía Bibliografía: páginas 121-140
505 ## - NOTA DE CONTENIDO CON FORMATO
Nota de contenido formateada Aniversarios relacionados al medio ambiente de enero a diciembre
700 ## - PUNTO DE ACCESO ADICIONAL--NOMBRE DE PERSONA
Nombre Personal Apaza Condori, Karla Amanda
9 (RLIN) 50963
700 ## - PUNTO DE ACCESO ADICIONAL--NOMBRE DE PERSONA
Nombre Personal Giordano Vásquez, Claudia Nataly
9 (RLIN) 50964
942 ## - ELEMENTOS DE PUNTO DE ACCESO ADICIONAL (KOHA)
Fuente de clasificación
Tipo de item Libros-BMC
945 ## - PROCESAMIENTO DE INFORMACIÓN LOCAL (OCLC)
Catalogador pbjr
AAAA-MM-DD - Fecha de ingreso o modificacion 24-01-2025
Holdings
Estado de retiro (separado) Fuente de clasificación o esquema de estanterías Estado dañado Ubicación Sala donde se ubica Nombre de la colección Fecha de adquisición o compra Fuente de adquisición Costo, precio normal en soles Signatura topográfica Código de Barras Última vez visto (Koha) Tipo de ítem (Koha)
No     Sala Humanidades Sala Humanidades Book Cart 2025-01-24 Donación 15.00 370 / C76 SH0000016906 2025-01-24 Libros-BMC

Powered by Koha